000 00918nam a22002057a 4500
999 _c22248
_d22248
003 AR-CdUCM
008 190425b ||||| |||| 00| 0 spa d
040 _aMUNICIPALIDAD PROVINCIAL DEL CUSCO
_cBIBLIOTECA MUNICIPAL DEL CUSCO
082 _aCumbre/N°1/2017
245 _aCumbre :
_bquincenario regional /
260 _aCusco.
_bInkari,
_c2017.
300 _a13 páginas. :
_bilustraciones ;
_c35 cm.
440 _aCumbre.
_nAño 1, N°1, septiembre 2017.
_947752
505 _aContenido: Cuaresma con las horas contadas. -- La fe nos costara millones. -- La sierra arde más de 1000 hectáreas devastadas tras incendios forestales. -- En Canchis continua las obras los compromisos se cumplen. -- La devoción del Señor de Huanca entre mito el mito y la historia.
650 _aPolítica cusqueña
_947381
650 _aSociedad cusqueña
_947493
650 _aSiglo XXI
_947753
942 _2ddc
_cPP
945 _arac